China, Japan, or South Korea? - Statistics

General Stats
  • This quiz has been taken 1,811 times
  • The average score is 12 of 15
Answer Stats
Question Answer % Correct
Considers itself a communist nation? China
95%
Has the color blue on their flag? South Korea
94%
Has the cherry blossom as their national flower? Japan
93%
Invented Haiku poems? Japan
92%
Smallest country size? South Korea
92%
Uses the written language 'Hangul'? South Korea
92%
Sided with Germany in WWII? Japan
91%
Have a popular alcoholic beverage called 'Soju'? South Korea
80%
Owns the island of Hainan? China
77%
Had the most recent civil war? South Korea
71%
Produces the most green tea? China
63%
Has a wild tiger population? China
63%
Where snow monkeys are native of? Japan
60%
Had a famous visit by U.S. President Nixon in 1972? China
57%
Has the volcano 'Halla Mountain'? South Korea
48%
No matching quizzes found
Score Distribution
Percent of People with Each Score
Percentile by Number Answered
Your Score History
You have not taken this quiz